[Event "VIII Floripa Chess Open 2022 - LIRA - m"]
[Site "Lira Tênis Clube - Florianó"]
[Date "2022.01.25"]
[Round "3.105"]
[White "Miranda, Catarina Oliveira"]
[Black "Santos, Marcelo Da Silva"]
[Result "1/2-1/2"]
[WhiteElo "1615"]
[BlackElo "1935"]
[PlyCount "109"]
[EventDate "2022.01.24"]
[EventRounds "10"]
[EventCountry "BRA"]

1. d4 e6 2. e3 f5 3. Bd3 Nf6 4. c4 Nc6 5. a3 Be7 6. Nc3 O-O 7. Nf3 d5 8. O-O
Ne4 9. cxd5 exd5 10. Qb3 Nf6 11. Bd2 a6 12. Rac1 Qd6 13. e4 fxe4 14. Nxe4 Nxe4
15. Bxe4 Be6 16. Bb1 Rab8 17. Qe3 Bf6 18. Rfe1 Rbe8 19. Qd3 g6 20. Bc3 Bf5 21.
Qd2 Bxb1 22. Rxb1 Bg7 23. Rxe8 Rxe8 24. Re1 Re4 25. Ng5 Rxe1+ 26. Qxe1 Qe7 27.
Qe6+ Qxe6 28. Nxe6 Kf7 29. Nxc7 Nxd4 30. Nxd5 Ke6 31. Nf4+ Kf5 32. Nd3 Ne2+ 33.
Kf1 Nxc3 34. bxc3 b6 35. c4 Ke4 36. Ke2 Kd4 37. Nb2 Kc3 38. Na4+ Kxc4 39. Nxb6+
Kb3 40. a4 Bd4 41. a5 Kb4 42. Nd5+ Kxa5 43. Nc7 Kb6 44. Nxa6 Kxa6 45. f4 Kb5
46. g4 Kc4 47. Kf3 Kd5 48. h3 Bc3 49. h4 Be1 50. h5 gxh5 51. gxh5 Ke6 52. Kg4
Kf6 53. f5 h6 54. Kf3 Kxf5 55. Kg2 1/2-1/2

[Event "VIII Floripa Chess Open 2022 - LIRA - m"]
[Site "Lira Tênis Clube - Florianó"]
[Date "2022.01.25"]
[Round "3.106"]
[White "Silva, Guilherme Henrique "]
[Black "Carmo, Jose Arlindo"]
[Result "1-0"]
[WhiteElo "1934"]
[BlackElo "1626"]
[PlyCount "59"]
[EventDate "2022.01.24"]
[EventRounds "10"]
[EventCountry "BRA"]

1. e4 c5 2. Nf3 d6 3. Bb5+ Bd7 4. Bxd7+ Nxd7 5. O-O e6 6. Qe2 Qc7 7. Rd1 Ngf6
8. d4 cxd4 9. Nxd4 Rc8 10. Nc3 a6 11. f4 Be7 12. f5 e5 13. Nb3 O-O 14. Kh1 b5
15. a3 h5 16. h3 Qc6 17. g4 hxg4 18. hxg4 Nc5 19. Nxc5 Qxc5 20. g5 Nh7 21. Be3
Qc4 22. Qg4 Rfd8 23. Rd2 d5 24. Nxd5 Rxd5 25. Rxd5 Bxg5 26. Bxg5 Nxg5 27. Qxg5
Qxe4+ 28. Qg2 Qxf5 29. c3 Rc6 30. Rd2 {IlegÃƒÂ­vel (37 lances)} 1-0

[Event "VIII Floripa Chess Open 2022 - LIRA - m"]
[Site "Lira Tênis Clube - Florianó"]
[Date "2022.01.25"]
[Round "3.107"]
[White "Santillan, Julian"]
[Black "Da Silva, Anderson Lemes"]
[Result "0-1"]
[WhiteElo "1599"]
[BlackElo "1932"]
[PlyCount "56"]
[EventDate "2022.01.24"]
[EventRounds "10"]
[EventCountry "BRA"]

1. f4 d5 2. Nf3 c5 3. g3 Nc6 4. Bg2 Nf6 5. O-O e6 6. d3 Be7 7. Qe1 Qb6 8. Kh1
Bd7 9. e4 dxe4 10. dxe4 h5 11. Nh4 Nd4 12. Na3 Bb5 13. c4 Bc6 14. f5 e5 15. b3
O-O-O 16. Bg5 Qb4 17. Qxb4 cxb4 18. Nb5 Nxb5 19. cxb5 Bxb5 20. Rfc1+ Kb8 21.
Nf3 Bd6 22. Rab1 Rc8 23. Nd2 Bd3 24. Rxc8+ Rxc8 25. Rd1 Ng4 26. Re1 f6 27. Be3
Nxe3 28. Rxe3 Rc1+ 0-1

[Event "VIII Floripa Chess Open 2022 - LIRA - m"]
[Site "Lira Tênis Clube - Florianó"]
[Date "2022.01.25"]
[Round "3.108"]
[White "Leao, Cintia Rocha"]
[Black "Teramoto, Anderson"]
[Result "1/2-1/2"]
[WhiteElo "1926"]
[BlackElo "1617"]
[PlyCount "104"]
[EventDate "2022.01.24"]
[EventRounds "10"]
[EventCountry "BRA"]

1. e4 c6 2. d3 d5 3. Nd2 dxe4 4. dxe4 g6 5. Ngf3 Bg7 6. c3 Nf6 7. Bc4 O-O 8.
O-O b5 9. Bb3 a5 10. a4 Qb6 11. h3 Rd8 12. Qc2 Bb7 13. Re1 e6 14. Nf1 Qc7 15.
Bg5 Rd7 16. Ng3 Na6 17. e5 Nd5 18. Ne4 h6 19. Bh4 b4 20. c4 Ne7 21. Nf6+ Bxf6
22. Bxf6 Nf5 23. c5 Qc8 24. Rad1 Nc7 25. g4 Rxd1 26. Rxd1 Ng7 27. Qc1 Kh7 28.
Rd4 Nd5 29. Bxd5 cxd5 30. Be7 Qe8 31. Bd6 Qxa4 32. Rf4 Qe8 33. Rf6 Ra7 34. Qe3
Bc6 35. Nd4 a4 36. h4 a3 37. bxa3 bxa3 38. Nc2 a2 39. Na1 Ra4 40. Qe2 Re4 41.
Qxa2 Rxg4+ 42. Kf1 Ra4 43. Qb1 Rxh4 44. Qa2 Nf5 45. Qa7 Kg7 46. Nb3 Bb5+ 47.
Ke1 Re4+ 48. Kd2 Re2+ 49. Kc3 Rxf2 50. Nd4 Nxd4 51. Rxf2 Nf5 52. Rb2 d4+
1/2-1/2

[Event "VIII Floripa Chess Open 2022 - LIRA - m"]
[Site "Lira Tênis Clube - Florianó"]
[Date "2022.01.25"]
[Round "3.109"]
[White "Okamura, Milton Kasuo"]
[Black "Santiago, Mauro"]
[Result "1-0"]
[WhiteElo "1912"]
[BlackElo "1602"]
[PlyCount "47"]
[EventDate "2022.01.24"]
[EventRounds "10"]
[EventCountry "BRA"]

1. d4 Nf6 2. c4 d5 3. Nf3 e6 4. Nc3 Be7 5. Bg5 Nbd7 6. e3 c6 7. Bd3 Qa5 8. O-O
h6 9. Bh4 g5 10. Bg3 Nh5 11. Be5 Bf6 12. Bd6 Ng7 13. e4 g4 14. Nd2 dxc4 15.
Nxc4 Qg5 16. e5 Bd8 17. Ne4 Qh4 18. Ba3 Nb6 19. Ncd6+ Kd7 20. Nxf7 Rg8 21. Nxd8
Kxd8 22. g3 Qh3 23. Nf6 Rh8 24. Re1 1-0

[Event "VIII Floripa Chess Open 2022 - LIRA - m"]
[Site "Lira Tênis Clube - Florianó"]
[Date "2022.01.25"]
[Round "3.110"]
[White "De Souza Monteiro, Marcos Paulo"]
[Black "Neitzel, Jonatan"]
[Result "1-0"]
[WhiteElo "1909"]
[BlackElo "1592"]
[PlyCount "73"]
[EventDate "2022.01.24"]
[EventRounds "10"]
[EventCountry "BRA"]

1. d4 Nf6 2. c4 e6 3. Nf3 b6 4. a3 Be7 5. Nc3 Bb7 6. e3 O-O 7. Bd3 d5 8. O-O
Ne4 9. cxd5 exd5 10. Qc2 f5 11. Qb3 Nxc3 12. bxc3 c5 13. dxc5 Bxc5 14. Nd4 Bxd4
15. cxd4 Ba6 16. Bd2 Bxd3 17. Qxd3 Nc6 18. Rac1 Rc8 19. Rc2 Qd7 20. Rfc1 Ne7
21. Bb4 Rxc2 22. Rxc2 Re8 23. Bxe7 Rxe7 24. g3 g6 25. Qb3 Kf7 26. a4 Qb7 27.
Qb5 Rd7 28. Rc6 Ke7 29. h4 Rd6 30. Rc5 Qd7 31. Rc3 Qb7 32. Kg2 Rd7 33. Kf3 Kd6
34. Qb4+ Ke6 35. Qf8 Rc7 36. Qe8+ Re7 37. Rc6+ 1-0

[Event "VIII Floripa Chess Open 2022 - LIRA - m"]
[Site "Lira Tênis Clube - Florianó"]
[Date "2022.01.25"]
[Round "3.111"]
[White "Decezare, Jucian Kaue"]
[Black "Ribeiro, Regina"]
[Result "1-0"]
[WhiteElo "1570"]
[BlackElo "1908"]
[PlyCount "95"]
[EventDate "2022.01.24"]
[EventRounds "10"]
[EventCountry "BRA"]

1. e4 c6 2. d4 d5 3. exd5 cxd5 4. Bd3 Nf6 5. Nf3 Nc6 6. c3 Bg4 7. O-O e6 8. Bf4
Bd6 9. Bxd6 Qxd6 10. Nbd2 Bh5 11. Qb3 O-O 12. Rfe1 Bg6 13. Bxg6 hxg6 14. Ne5
Na5 15. Qb5 Qc7 16. Re2 a6 17. Qd3 b5 18. Rae1 Nc4 19. Nxg6 fxg6 20. Nxc4 bxc4
21. Qxg6 Qf7 22. Qxf7+ Kxf7 23. f3 Rfe8 24. g4 Rab8 25. Kg2 Rb6 26. h4 a5 27.
Kg3 g6 28. Rh1 Reb8 29. Rhe1 a4 30. a3 Ne8 31. Kf4 Nf6 32. Rb1 Rb3 33. Kg5 Rxc3
34. bxc3 Rxb1 35. Rf2 Rc1 36. Rb2 Rxc3 37. Rb7+ Kf8 38. Kxg6 Ne8 39. Rf7+ Kg8
40. h5 Nd6 41. Rd7 Rxf3 42. Rxd6 Kf8 43. Rxe6 Rf4 44. g5 Rxd4 45. h6 Rh4 46. h7
c3 47. Rd6 c2 48. Rc6 1-0

[Event "VIII Floripa Chess Open 2022 - LIRA - m"]
[Site "Lira Tênis Clube - Florianó"]
[Date "2022.01.25"]
[Round "3.112"]
[White "Passos, Rafael Moreira"]
[Black "Moretto, Heitor Frainer"]
[Result "1-0"]
[WhiteElo "1906"]
[BlackElo "1587"]
[PlyCount "99"]
[EventDate "2022.01.24"]
[EventRounds "10"]
[EventCountry "BRA"]

1. e4 e6 2. d3 d5 3. Nd2 Nf6 4. Ngf3 Nc6 5. c3 dxe4 6. dxe4 Bc5 7. Bc4 a5 8.
O-O e5 9. Qe2 O-O 10. h3 Qe7 11. Rd1 Be6 12. Bb5 Na7 13. Bc4 Nc6 14. Bb5 Na7
15. Bd3 Nc6 16. Nc4 Bc8 17. Bg5 h6 18. Be3 Re8 19. Rd2 Nh5 20. Nfxe5 Nxe5 21.
Qxh5 Bxe3 22. Nxe3 Nxd3 23. Rxd3 Qxe4 24. Rad1 Be6 25. Rd4 Qc6 26. Nf5 Bxf5 27.
Qxf5 Qe6 28. Qb5 b6 29. Rd7 Rac8 30. Qd5 Qxd5 31. R1xd5 Re2 32. Rd2 Rxd2 33.
Rxd2 Kf8 34. Kf1 Ke7 35. Ke2 Rd8 36. Rxd8 Kxd8 37. Kd3 Kd7 38. Kc4 Kc6 39. a4
h5 40. h4 f6 41. g3 g6 42. f4 f5 43. b3 Kd6 44. Kb5 Kd5 45. b4 Kd6 46. bxa5
bxa5 47. c4 c6+ 48. Kb6 c5 49. Kxa5 Kc6 50. Ka6 1-0

[Event "VIII Floripa Chess Open 2022 - LIRA - m"]
[Site "Lira Tênis Clube - Florianó"]
[Date "2022.01.25"]
[Round "3.113"]
[White "Borger, Daniel"]
[Black "Jorge, Denrick Cabral Jose"]
[Result "0-1"]
[WhiteElo "1556"]
[BlackElo "1901"]
[PlyCount "76"]
[EventDate "2022.01.24"]
[EventRounds "10"]
[EventCountry "BRA"]

1. e4 c5 2. Nf3 d6 3. d4 cxd4 4. Nxd4 Nf6 5. Nc3 a6 6. Be3 e5 7. Nf3 Be7 8. Bc4
O-O 9. O-O Qc7 10. Bb3 Bg4 11. Qd3 Nbd7 12. Nd2 Nc5 13. Bxc5 dxc5 14. Nd5 Nxd5
15. Bxd5 Rad8 16. Nc4 b5 17. Ne3 c4 18. Qc3 Bc8 19. b3 Bc5 20. bxc4 Bd4 21. Qd3
Bxa1 22. Rxa1 bxc4 23. Nxc4 Bb7 24. Ne3 Bxd5 25. Nxd5 Qc5 26. c4 Rb8 27. h4 Rb2
28. Ne3 Rfb8 29. g3 Qd4 30. Qxd4 exd4 31. Nf5 Rb1+ 32. Rxb1 Rxb1+ 33. Kg2 d3
34. Ne3 d2 35. Kf3 Re1 36. Nd1 Rxd1 37. Ke2 Rc1 38. Kxd2 Rxc4 0-1

[Event "VIII Floripa Chess Open 2022 - LIRA - m"]
[Site "Lira Tênis Clube - Florianó"]
[Date "2022.01.25"]
[Round "3.114"]
[White "Carvalho, Cleber Del Castillo"]
[Black "Miranda Pereira, Emmanuel"]
[Result "1/2-1/2"]
[WhiteElo "1901"]
[BlackElo "1557"]
[PlyCount "98"]
[EventDate "2022.01.24"]
[EventRounds "10"]
[EventCountry "BRA"]

1. e4 e5 2. Nf3 Nf6 3. Nc3 Nc6 4. d4 exd4 5. Nxd4 Be7 6. Be2 O-O 7. O-O Re8 8.
Bf4 d6 9. Nxc6 bxc6 10. Bf3 Bb7 11. Qd4 d5 12. exd5 cxd5 13. Rad1 c6 14. b3 h6
15. Rfe1 Bd6 16. Rxe8+ Nxe8 17. Bxd6 Qxd6 18. Na4 Qf6 19. Nc5 Bc8 20. c4 Qxd4
21. Rxd4 Be6 22. cxd5 cxd5 23. Bxd5 Bxd5 24. Rxd5 Nf6 25. Rd2 Rc8 26. b4 Ne4
27. Rc2 a5 28. a3 axb4 29. axb4 Nf6 30. Rd2 Ne4 31. Rd5 Nxc5 32. Rxc5 Rxc5 33.
bxc5 Kf8 34. Kf1 Ke7 35. Ke2 Ke6 36. Ke3 Kd5 37. Kf4 Kxc5 38. Ke5 Kc6 39. f4
Kd7 40. g4 Ke7 41. h4 g6 42. g5 hxg5 43. hxg5 Ke8 $11 44. Ke4 Kd7 45. Kd5 Ke8
46. f5 gxf5 47. Ke5 Kf8 48. Kf4 Kg7 49. Kxf5 Kg8 1/2-1/2

[Event "VIII Floripa Chess Open 2022 - LIRA - m"]
[Site "Lira Tênis Clube - Florianó"]
[Date "2022.01.25"]
[Round "3.115"]
[White "Felix, Joao Eduardo Orland"]
[Black "Da Silva, Jefferson Rian Ferr"]
[Result "1/2-1/2"]
[WhiteElo "1546"]
[BlackElo "1901"]
[PlyCount "39"]
[EventDate "2022.01.24"]
[EventRounds "10"]
[EventCountry "BRA"]

1. e4 e5 2. Nf3 Nf6 3. Nc3 Nc6 4. Bc4 Bc5 5. d3 d6 6. Bg5 h6 7. Bh4 Bg4 8. h3
Be6 9. Nd5 Bxd5 10. Bxd5 g5 11. Bg3 Nxd5 12. exd5 Ne7 13. Qe2 Qd7 14. c4 Bb4+
15. Nd2 Bxd2+ 16. Qxd2 f5 17. f3 f4 18. Bf2 O-O 19. O-O-O g4 20. Rhe1 {
IlegÃƒÂ­vel (50 lances)} 1/2-1/2

[Event "VIII Floripa Chess Open 2022 - LIRA - m"]
[Site "Lira Tênis Clube - Florianó"]
[Date "2022.01.25"]
[Round "3.151"]
[White "Da Silva, Joao Carlos Orguim"]
[Black "Deretti, Lucas Jurk"]
[Result "1-0"]
[WhiteElo "1794"]
[BlackElo "1160"]
[PlyCount "109"]
[EventDate "2022.01.24"]
[EventRounds "10"]
[EventCountry "BRA"]

1. f4 Nf6 2. Nf3 g6 3. d4 d5 4. Nbd2 Bg7 5. c3 O-O 6. g3 Ng4 7. Nb3 Bf5 8. h3
Nf6 9. Bg2 Nbd7 10. g4 Be4 11. O-O Bxf3 12. Bxf3 Ne4 13. Nd2 Ndf6 14. g5 Nxd2
15. Bxd2 Ne4 16. Bxe4 dxe4 17. e3 c5 18. Qc2 cxd4 19. exd4 Qb6 20. Rab1 Qc6 21.
Rfe1 Bxd4+ 22. Kh2 Bb6 23. Qxe4 Qxe4 24. Rxe4 Rad8 25. Be3 Bxe3 26. Rxe3 Rd2+
27. Kg3 e6 28. a4 Rfd8 29. b4 Ra2 30. a5 Rdd2 31. Rf1 Kf8 32. Rff3 Ke7 33. Rd3
b6 34. axb6 axb6 35. Rfe3 Rg2+ 36. Kf3 Rgd2 37. Ke4 f5+ 38. Kd4 Rxd3+ 39. Rxd3
Re2 40. Kc4 Re4+ 41. Kb5 Rxf4 42. Kxb6 Rc4 43. Kb5 Rc8 44. c4 e5 45. c5 e4 46.
Rd5 Ke6 47. Kc4 e3 48. Kd4 f4 49. b5 Ra8 50. Re5+ Kd7 51. c6+ Kd6 52. Rd5+ Ke6
53. c7 Ra4+ 54. Kc5 Ra8 55. Rd8 1-0

[Event "VIII Floripa Chess Open 2022 - LIRA - m"]
[Site "Lira Tênis Clube - Florianó"]
[Date "2022.01.25"]
[Round "3.152"]
[White "Feller, Isadora Cristina Vi"]
[Black "Dos Santos, Rafael Goncalves"]
[Result "1-0"]
[WhiteElo "1244"]
[BlackElo "1794"]
[PlyCount "63"]
[EventDate "2022.01.24"]
[EventRounds "10"]
[EventCountry "BRA"]

1. e4 c6 2. d4 d5 3. Nc3 dxe4 4. Nxe4 Nf6 5. Ng3 e5 6. Be3 exd4 7. Bxd4 Be7 8.
Nf3 Be6 9. Bd3 Nbd7 10. Qe2 c5 11. Bc3 Qc7 12. Ng5 Nf8 13. Bb5+ N6d7 14. Bxg7
Rg8 15. Nxe6 Nxe6 16. Be5 Qa5+ 17. c3 O-O-O 18. Nf5 Bf8 19. Nd6+ Bxd6 20. Bxd6
Rge8 21. O-O-O a6 22. Bxd7+ Rxd7 23. Qc4 Qb6 24. Be5 Red8 25. b3 Qc6 26. f3 b5
27. Qe2 b4 28. cxb4 cxb4+ 29. Kb1 Nc5 30. Rxd7 Rxd7 31. Rc1 Kb7 32. Qc4 1-0

[Event "VIII Floripa Chess Open 2022 - LIRA - m"]
[Site "Lira Tênis Clube - Florianó"]
[Date "2022.01.25"]
[Round "3.153"]
[White "Martins De Aguiar, Marina"]
[Black "Spieker, Otavio Schmidt"]
[Result "1-0"]
[WhiteElo "1793"]
[BlackElo "1079"]
[PlyCount "121"]
[EventDate "2022.01.24"]
[EventRounds "10"]
[EventCountry "BRA"]

1. e4 e5 2. d4 exd4 3. c3 dxc3 4. Nxc3 Nc6 5. Bc4 Nf6 6. Nf3 Bc5 7. e5 Ng4 8.
Bxf7+ Kxf7 9. Qd5+ Ke8 10. Qxc5 Qe7 11. Qxe7+ Nxe7 12. O-O b6 13. Bg5 Bb7 14.
Nb5 Kd8 15. Nxc7 Kxc7 16. Bxe7 Bxf3 17. Bd6+ Kd8 18. gxf3 Nh6 19. Rac1 Nf5 20.
Rfd1 Nxd6 21. Rxd6 Rc8 22. Rcd1 Ke7 23. Rxd7+ Ke6 24. f4 Rhf8 25. R1d6+ Kf5 26.
Rxg7 Rg8 27. Rxg8 Rxg8+ 28. Kf1 Kxf4 29. e6 Re8 30. b4 h5 31. Ke2 Ke5 32. Rd3
Rxe6 33. Re3+ Kf5 34. Rxe6 Kxe6 35. h4 Kf5 36. f3 Kf4 37. Kf2 a6 38. a4 a5 39.
b5 Kf5 40. Ke3 Ke5 41. f4+ Kf5 42. Kf3 Kf6 43. Ke4 Ke6 44. f5+ Kf6 45. Kf4 Kf7
46. Kg5 Kg7 47. Kxh5 Kf6 48. Kg4 Kg7 49. Kg5 Kf7 50. f6 Kg8 51. Kg6 Kh8 52. Kf7
Kh7 53. Ke7 Kg6 54. f7 Kf5 55. f8=Q+ Ke4 56. Qd8 Kf5 57. Qd4 Kg6 58. Qf6+ Kh7
59. Qg5 Kh8 60. Kf7 Kh7 61. Qg7# 1-0

[Event "VIII Floripa Chess Open 2022 - LIRA - m"]
[Site "Lira Tênis Clube - Florianó"]
[Date "2022.01.25"]
[Round "3.154"]
[White "Grundmann, Julia Cristhine"]
[Black "Kikuchi Cadilhac, Mariana Sawae"]
[Result "0-1"]
[WhiteElo "1183"]
[BlackElo "1791"]
[PlyCount "62"]
[EventDate "2022.01.24"]
[EventRounds "10"]
[EventCountry "BRA"]

1. e4 e5 2. c4 Nf6 3. Nc3 Bc5 4. Nf3 Nc6 5. g3 Ng4 6. Qe2 Bxf2+ 7. Kd1 Bb6 8.
h3 Nf2+ 9. Ke1 Nxh1 10. Qg2 Nf2 11. d3 Nb4 12. Kd2 Qf6 13. a3 d6 14. g4 Nc6 15.
Nd5 Qd8 16. Nxb6 Nxe4+ 17. dxe4 axb6 18. Kd1 Bd7 19. Be3 Nb4 20. Qd2 Ba4+ 21.
Ke1 Nc2+ 22. Kf2 Nxa1 23. Qc3 Nc2 24. Bd3 Nxe3 25. Kxe3 Bd1 26. Nd2 Qg5+ 27.
Kf2 h5 28. Be2 Bxe2 29. Kxe2 hxg4 30. hxg4 Qxg4+ 31. Kd3 Rh3+ 0-1

[Event "VIII Floripa Chess Open 2022 - LIRA - m"]
[Site "Lira Tênis Clube - Florianó"]
[Date "2022.01.25"]
[Round "3.155"]
[White "Da Silva, Luiz Matheus"]
[Black "Reinaldo Dos Santos, Julio"]
[Result "1-0"]
[WhiteElo "1815"]
[BlackElo "1789"]
[PlyCount "115"]
[EventDate "2022.01.24"]
[EventRounds "10"]
[EventCountry "BRA"]

1. c4 Nf6 2. Nf3 g6 3. Nc3 Bg7 4. g3 O-O 5. Bg2 d6 6. O-O Nc6 7. d3 h6 8. Rb1
e5 9. b4 Bg4 10. Bd2 Qd7 11. b5 Ne7 12. c5 Bh3 13. cxd6 cxd6 14. Qa4 Bxg2 15.
Kxg2 Nf5 16. Ne4 Nxe4 17. dxe4 Nd4 18. Nxd4 exd4 19. Qb3 Rfe8 20. f3 d5 21.
exd5 Rxe2+ 22. Rf2 Rxf2+ 23. Kxf2 Rd8 24. Re1 Qxd5 25. Re8+ Kh7 26. Re7 Qxb3
27. axb3 Kg8 28. Rxb7 d3 29. Ke3 f5 30. Bb4 Bf8 31. Bc3 g5 32. Kd2 Bc5 33. Rg7+
Kf8 34. Rh7 Rd5 35. Rxh6 Kf7 36. b4 Bg1 37. h4 gxh4 38. gxh4 Bh2 39. Rh7+ Kg6
40. Rxa7 Bf4+ 41. Kd1 Rxb5 42. Rd7 d2 43. Kc2 Kh5 44. Rd4 Be3 45. Rd3 f4 46.
Kb3 Kxh4 47. Bxd2 Bxd2 48. Rxd2 Kg3 49. Rd3 Re5 50. Kc4 Kf2 51. b5 Ke2 52. b6
Re6 53. Rb3 Rxb6 54. Rxb6 Kxf3 55. Kd3 Kg2 56. Rb2+ Kg3 57. Ke2 Kg4 58. Kf2 1-0

[Event "VIII Floripa Chess Open 2022 - LIRA - m"]
[Site "Lira Tênis Clube - Florianó"]
[Date "2022.01.25"]
[Round "3.156"]
[White "Mauro, Roberto Da Silva"]
[Black "Ribeiro Carrico, Victor Hugo"]
[Result "0-1"]
[WhiteElo "1800"]
[BlackElo "1787"]
[PlyCount "84"]
[EventDate "2022.01.24"]
[EventRounds "10"]
[EventCountry "BRA"]

1. d4 Nf6 2. Nf3 e6 3. c4 c5 4. g3 cxd4 5. Nxd4 Nc6 6. Bg2 Qb6 7. Nb5 d5 8.
cxd5 exd5 9. N5c3 d4 10. Na4 Qa6 11. O-O b5 12. Qc2 Nb4 13. Nc5 Nxc2 14. Nxa6
Bxa6 15. Bxa8 Nxa1 16. Bc6+ Kd8 17. Bg5 Nc2 18. Be4 d3 19. Rd1 Kc7 20. Bxd3 Nb4
21. Rc1+ Kb7 22. Bf5 Be7 23. Bh3 Nfd5 24. Bxe7 Nxe7 25. Rd1 Nbc6 26. Rd7+ Kb6
27. Rd1 Rd8 28. Rc1 b4 29. e3 Be2 30. a3 a5 31. Bf1 Rd1 32. Rxd1 Bxd1 33. Nd2
Ne5 34. Kg2 Bc2 35. axb4 axb4 36. f4 Nd3 37. b3 Nd5 38. Kf3 f5 39. Be2 Nc3 40.
Nc4+ Kc5 41. Bxd3 Bxd3 42. Nd2 Ne4 0-1

[Event "VIII Floripa Chess Open 2022 - LIRA - m"]
[Site "Lira Tênis Clube - Florianó"]
[Date "2022.01.25"]
[Round "3.157"]
[White "Marques Junior, Marcos Antonio"]
[Black "Manfroi, Alexander Giannini"]
[Result "0-1"]
[WhiteElo "1787"]
[BlackElo "1793"]
[PlyCount "136"]
[EventDate "2022.01.24"]
[EventRounds "10"]
[EventCountry "BRA"]

1. Nf3 d5 2. g3 Bf5 3. d3 Nc6 4. Nbd2 e5 5. e4 dxe4 6. dxe4 Bg4 7. c3 Bd6 8.
Bg2 Qd7 9. h3 Bh5 10. b4 f6 11. Nc4 Bf7 12. Ne3 Nge7 13. b5 Na5 14. Qa4 b6 15.
Nd2 Nb7 16. c4 Nc5 17. Qc2 a6 18. a4 axb5 19. cxb5 c6 20. Ndc4 Bc7 21. Ba3 Rxa4
22. Rd1 Qe6 23. Nd6+ Bxd6 24. Bxc5 Ra2 25. Rxd6 Rxc2 26. Rxe6 Rxc5 27. Rd6 Rxb5
28. Nf5 Nxf5 29. exf5 Bd5 30. Bxd5 cxd5 31. O-O O-O 32. Ra1 Ra5 33. Rc1 Rc5 34.
Ra1 Rfc8 35. Ra7 R5c7 36. Ra6 Rb7 37. Rxd5 b5 38. Ra5 Rcb8 39. Ra3 b4 40. Rb3
Kf7 41. Ra5 Ke7 42. Ra6 Rb6 43. Ra7+ R8b7 44. Ra8 Kd6 45. Rd3+ Kc5 46. Rc8+ Rc6
47. Ra8 Kc4 48. Re3 Rd7 49. Rb8 Rd1+ 50. Kg2 Rb1 51. Re4+ Kc3 52. Re3+ Kc2 53.
Re2+ Kb3 54. Re3+ Rc3 55. Re4 Rc4 56. Re3+ Kc2 57. Re2+ Kc3 58. Re3+ Kd2 59.
Rd8+ Rd4 60. Rb8 Rd3 61. Re4 b3 62. f3 Re1 63. Reb4 Re2+ 64. Kg1 Kc1 65. Kf1
Rc2 66. Re4 Rd1+ 67. Re1 Rxe1+ 68. Kxe1 b2 0-1

[Event "VIII Floripa Chess Open 2022 - LIRA - m"]
[Site "Lira Tênis Clube - Florianó"]
[Date "2022.01.25"]
[Round "3.158"]
[White "Pavao, Fabio Biasi"]
[Black "Carvalho, Kayle Fabricio Amor"]
[Result "1-0"]
[WhiteElo "1783"]
[BlackElo "1768"]
[PlyCount "81"]
[EventDate "2022.01.24"]
[EventRounds "10"]
[EventCountry "BRA"]

1. c4 c5 2. g3 Nf6 3. Bg2 e6 4. Nf3 d5 5. O-O Be7 6. d3 O-O 7. cxd5 exd5 8. Qc2
Nc6 9. e4 dxe4 10. dxe4 Qc7 11. Bf4 Bd6 12. Bxd6 Qxd6 13. Rd1 Qe7 14. Nc3 Bg4
15. Re1 Ne5 16. Nxe5 Qxe5 17. Nd5 Nd7 18. Ne3 Be6 19. f4 Qh5 20. f5 Bxf5 21.
Nxf5 Ne5 22. Qe2 Qg5 23. Rad1 c4 24. h4 Qg4 25. Qxg4 Nxg4 26. e5 g6 27. Nd6
Rab8 28. Nxc4 b5 29. Nd6 a6 30. Bf3 Nh6 31. g4 Kg7 32. Rf1 f5 33. exf6+ Kg8 34.
g5 Nf5 35. Bd5+ Kh8 36. Nxf5 gxf5 37. Rxf5 Rbc8 38. h5 Rc5 39. g6 hxg6 40. hxg6
Rd8 41. Rh5# 1-0

[Event "VIII Floripa Chess Open 2022 - LIRA - m"]
[Site "Lira Tênis Clube - Florianó"]
[Date "2022.01.25"]
[Round "3.159"]
[White "Borger, David Lupovici"]
[Black "Klein, Louise Da Silveira"]
[Result "1-0"]
[WhiteElo "1778"]
[BlackElo "1721"]
[PlyCount "35"]
[EventDate "2022.01.24"]
[EventRounds "10"]
[EventCountry "BRA"]

1. e4 c5 2. d4 cxd4 3. c3 dxc3 4. Nxc3 e5 5. Bc4 Nc6 6. Nf3 Nf6 7. Ng5 d5 8.
exd5 Na5 9. Bb5+ Bd7 10. Bd3 Be7 11. O-O O-O 12. Qe2 Qc7 13. Bd2 a6 14. Rac1
Bd6 15. Nce4 Bg4 16. Nxf6+ gxf6 17. Qxg4 e4 18. Ne6+ 1-0

[Event "VIII Floripa Chess Open 2022 - LIRA - m"]
[Site "Lira Tênis Clube - Florianó"]
[Date "2022.01.25"]
[Round "3.161"]
[White "Arantes, Carlos Eduardo Gonc"]
[Black "Spegiorin, Eduardo"]
[Result "1-0"]
[WhiteElo "1779"]
[BlackElo "1770"]
[PlyCount "83"]
[EventDate "2022.01.24"]
[EventRounds "10"]
[EventCountry "BRA"]

1. e4 c5 2. c3 d5 3. exd5 Qxd5 4. Nf3 Nc6 5. d4 cxd4 6. cxd4 Bg4 7. Be2 Nf6 8.
Nc3 Qa5 9. O-O Rd8 10. Be3 e6 11. Qb3 Qc7 12. Rad1 Nb4 13. Bb5+ Nc6 14. d5 Bxf3
15. gxf3 exd5 16. Nxd5 Nxd5 17. Rxd5 Bd6 18. Rh5 a6 19. Re1 Kf8 20. Bxc6 Qxc6
21. Rf5 Qd7 22. Qc2 f6 23. Qe4 Qf7 24. Qg4 h5 25. Qe4 g6 26. Ra5 Kg7 27. Kh1
Rhe8 28. Qh4 Bc7 29. Ra3 Qd5 30. Qh3 Kf7 31. Rb3 b5 32. Rc1 Bb8 33. Kg2 a5 34.
Rc5 Qd1 35. Rcxb5 a4 36. Rb7+ Kg8 37. R3b6 Be5 38. Bh6 Rd2 39. Bxd2 Qxd2 40.
Qh4 Bd4 41. Rxf6 Qc2 42. Qxd4 1-0

[Event "VIII Floripa Chess Open 2022 - LIRA - m"]
[Site "Lira Tênis Clube - Florianó"]
[Date "2022.01.25"]
[Round "3.170"]
[White "Morato, Saulo Duenas"]
[Black "Vicentin, Marcos Tadeu"]
[Result "0-1"]
[WhiteElo "1331"]
[BlackElo "1951"]
[PlyCount "28"]
[EventDate "2022.01.24"]
[EventRounds "10"]
[EventCountry "BRA"]

1. d4 Nf6 2. c4 c5 3. Nf3 cxd4 4. Nxd4 e5 5. Nf3 Nc6 6. Nc3 Bc5 7. Bg5 h6 8.
Bh4 Bb4 9. Qb3 e4 10. Nd2 Nd4 11. Qa4 e3 12. fxe3 Bxc3 13. bxc3 Nf5 14. Bxf6
Qxf6 0-1

[Event "VIII Floripa Chess Open 2022 - LIRA - m"]
[Site "Lira Tênis Clube - Florianó"]
[Date "2022.01.25"]
[Round "3.171"]
[White "De Brito, Gabrielly Rodrigues"]
[Black "Nejanky, Maisa"]
[Result "1/2-1/2"]
[WhiteElo "1302"]
[BlackElo "1948"]
[PlyCount "128"]
[EventDate "2022.01.24"]
[EventRounds "10"]
[EventCountry "BRA"]

1. c4 e5 2. Nc3 Nf6 3. g3 d5 4. cxd5 Nxd5 5. Bg2 Nb6 6. Nf3 Nc6 7. O-O Be6 8.
d3 f6 9. Be3 Qd7 10. d4 exd4 11. Nxd4 Nxd4 12. Bxd4 O-O-O 13. Bxb6 Qxd1 14.
Rfxd1 Rxd1+ 15. Rxd1 axb6 16. a3 c6 17. e3 Kc7 18. h3 Bd6 19. Ne2 Be5 20. Nd4
Bf7 21. f4 Bd6 22. Nf5 Bf8 23. Kf2 g6 24. Nd4 Bc5 25. b4 Bxd4 26. Rxd4 c5 27.
bxc5 bxc5 28. Rd3 c4 29. Rc3 b5 30. Bf3 Kb6 31. e4 Kc5 32. Ke3 b4 33. axb4+
Kxb4 34. Rc1 Ra8 35. Bd1 Ra3+ 36. Kf2 Ra2+ 37. Ke3 c3 38. Bc2 Be6 39. g4 Rb2
40. Kd3 Bc4+ 41. Ke3 Kc5 42. h4 Be6 43. Kd3 Kb4 44. f5 Bc4+ 45. Ke3 gxf5 46.
exf5 Bb3 47. Kd3 Bc4+ 48. Ke3 Kc5 49. g5 fxg5 50. hxg5 Kd5 51. f6 Ke5 52. f7
Bxf7 53. Bxh7 Rg2 54. Rxc3 Rg3+ 55. Kd2 Rxg5 56. Rc5+ Bd5 57. Rc3 Rg2+ 58. Kc1
Rh2 59. Bc2 Kd4 60. Rg3 Bc4 61. Rg4+ Kc5 62. Rg5+ Kb4 63. Rg4 Kc3 64. Rg3+ Kb4
1/2-1/2

[Event "VIII Floripa Chess Open 2022 - LIRA - m"]
[Site "Lira Tênis Clube - Florianó"]
[Date "2022.01.25"]
[Round "3.172"]
[White "Sarda, Joao Sada"]
[Black "Predebon, Eduardo Angonesi"]
[Result "0-1"]
[WhiteElo "1285"]
[BlackElo "1757"]
[PlyCount "44"]
[EventDate "2022.01.24"]
[EventRounds "10"]
[EventCountry "BRA"]

1. e4 c5 2. Nf3 d6 3. d4 cxd4 4. Nxd4 Nf6 5. Nc3 a6 6. Be3 e5 7. Nb3 Be6 8. Na4
Nbd7 9. c4 Be7 10. c5 Nxe4 11. Rc1 d5 12. f3 Nef6 13. c6 bxc6 14. Rxc6 d4 15.
Bf2 Bb4+ 16. Nd2 Bd5 17. Rxa6 Rxa6 18. Bxa6 Qa5 19. O-O Qxa6 20. Qc2 Bxd2 21.
Qxd2 Qxa4 22. Rc1 O-O 0-1